000 00707nam a2200193 a 4500
001 22898
003 CO-ViMGA
008 141112s2004 ck r 000 u spa d
020 _a9701511115
040 _aCO-ViMGA
_bspa
_cCO-ViMGA
082 0 4 _a574.192 F853
100 1 _aGarrido Pertierra, Armando
_932851
245 1 0 _aFundamentos de bioquìmica estructural
260 _aMéxico :
_bAlfaomega
300 _a442p.
505 _aBiomoleculas y organizacion celular, Bioelementos y soluciones reguladores, Aminoacidos : propiedades generales, Clasificacion y propiedades, Enzimologia, Coenzimas reguladoras, Enzimas, Lipidos, Bioenergética, Cadena respiratoria
650 1 4 _aBIOQUIMICA
942 _2ddc
_cBK
999 _c31191
_d31191